000350237 001__ 350237
000350237 005__ 20240417173026.0
000350237 0247_ $$2EXP:(DE-Ds200)$$aEXP:(DE-Ds200)B-22-00046-20221208
000350237 035__ $$aEXP:(DE-Ds200)B-22-00046-20221208
000350237 150__ $$aB-22-00046: Biomedical Applications of Radioactive Ion Beams (BARB) (Station: FRS-HTM)
000350237 371__ $$aDurante, Marco
000350237 450__ $$aB-22-00046$$wd
000350237 450__ $$0EXP:(DE-Ds200)FRS-HTM-20200803$$aFRS-HTM$$wt
000350237 550__ $$0G:(DE-HGF)POF4-633$$aPOF4-633
000350237 750_7 $$0V:(DE-HGF)12$$2V:(DE-HGF)$$aExperiment
000350237 751_7 $$2DE-HGF$$aIGN_4_I:(DE-H253)HAS-User-20120731 [DESY]
000350237 751_7 $$2DE-HGF$$aIGN_4_DESY [DESY]
000350237 751_7 $$2DE-HGF$$aIGN_4_DKFZ [DKFZ]
000350237 751_7 $$2DE-HGF$$aIGN_4_IMPULSE
000350237 751_7 $$2DE-HGF$$aIGN_4_DZNE [DZNE]
000350237 909CO $$ooai:juser.fz-juelich.de:1025343$$pauthority$$pauthority:Experiment
000350237 909CO $$ooai:juser.fz-juelich.de:1025343
000350237 980__ $$aEXPERIMENT
000350237 980__ $$aAUTHORITY